000 00402nam a2200145Ia 4500
005 20250316135037.0
008 240331s9999 xx 000 0 und d
082 _bKUM
_a894
100 _aKumari,K
245 0 _aChinthanaipannaiyil parathithasan :
_baijarkalin peruraikal
260 _aChennai
_bNeru achagam
_c1991
300 _a248 p .,
500 _aA Book about bharathi thasan padalgal
942 _cL
999 _c3962
_d3962